000 00362nam a2200145Ia 4500
008 240624s9999 xx 000 0 und d
041 _aeng
082 _a510 GAY
100 _aELAYN MARTIN GAY
245 _aDEVELOPMENTAL MATHEMATICS
250 _a(2nd ed.)
260 _c2011
_aBoston
_bPrentice Hall
300 _axxx, : 1292 : p. : cm. ; 27
365 _c
_b30
999 _c19591
_d19591